Statistics for Country Names with 4 Consecutive Letters of the Alphabet

Click here to take the quiz!

General Stats

  • This quiz has been taken 109 times
  • The average score is 7 of 16

Answer Stats

#LettersCountry% Correct
4FGHIAFGHANISTAN
84%
9ABCDEFGHI-LMNOPDEMOCRATIC REPUBLIC OF THE CONGO
72%
5EFGHIREPUBLIC OF THE CONGO
70%
4CDEFFEDERATED STATES OF MICRONESIA
56%
4RSTUTURKMENISTAN
56%
4RSTUUNITED ARAB EMIRATES
53%
4LMNOMONGOLIA
52%
4RSTUSOUTH AFRICA
47%
4RSTUAUSTRIA
41%
4RSTUSOUTH KOREA
39%
4RSTUAUSTRALIA
38%
5ABCDE-LMNOPDOMINICAN REPUBLIC
37%
4ABCDCAMBODIA
32%
4LMNOSOLOMON ISLANDS
30%
4MNOPSAO TOMÉ AND PRÍNCIPE
19%
4RSTUMAURITIUS
8%

Score Distribution

Percentile by Number Answered

Percent of People with Each Score

Your Score History

You have not taken this quiz